00410nam a2200169Ia 4500008004100000020000800041082001700049100001900066245004900085250001200134260001200146260002500158260001000183300001000193300001400203650002300217190719s9999||||xx |||||||||||||| ||und|| c300 a551.5bS9417 aH. Subramaniam 0aMarine meteorology: nutshell series book 2 / a3rd ed. aMumbai: bVijaya Publications, c2010. a262p. b14cm, pbk aMarine meteorology